World encyclopedia of peace /

Αποθηκεύτηκε σε:
Λεπτομέρειες βιβλιογραφικής εγγραφής
Κύριος συγγραφέας: Pauling, Linus
Άλλοι συγγραφείς: Laszlo, Ervi Youl Yoo, Jong
Μορφή: Κείμενο
Έκδοση: New York: Pergamon Press
Ετικέτες: Προσθήκη ετικέτας
Δεν υπάρχουν, Καταχωρήστε ετικέτα πρώτοι!

MARC

LEADER 00000 a a2200000 04500
001 22630
003
040
090 |a 155000  
100 |a Pauling, Linus  
245 |a World encyclopedia of peace /  |c Linus Pauling 
260 |a New York:   |b Pergamon Press  
300 |a pp. 487-533; vol. 2  
700 |a Laszlo, Ervi   |a Youl Yoo, Jong  
999 |c 11261  |d 11261